|
|
|
|
| LEADER |
00000nam0a2200000 4500 |
| 001 |
340345 |
| 005 |
20231102005229.0 |
| 010 |
|
|
|a 9785811429219
|
| 035 |
|
|
|a (RuTPU)RU\TPU\book\367133
|
| 090 |
|
|
|a 340345
|
| 100 |
|
|
|a 20180316d2019 m y0rusy50 ca
|
| 101 |
0 |
|
|a rus
|
| 102 |
|
|
|a RU
|
| 105 |
|
|
|a a j 001zy
|
| 200 |
1 |
|
|a Управление качеством
|e учебник
|f О. А. Леонов, Г. Н. Термасова, Ю. Г. Вергазова
|
| 205 |
|
|
|a 3-е изд., стер.
|
| 210 |
|
|
|a Санкт-Петербург
|c Лань
|d 2019
|
| 215 |
|
|
|a 178 с.
|c ил.
|
| 225 |
1 |
|
|a Бакалавриат
|
| 225 |
1 |
|
|a Учебники для вузов. Специальная литература
|
| 320 |
|
|
|a Библиогр.: с. 177
|
| 330 |
|
|
|a В учебнике рассмотрены основные понятия о качестве, классификация продукции и показателей качества, квалиметрические методы оценки качества, экспертная оценка качества продукции, простые инструменты и семь новых инструментов контроля качества, статистические методы управления качеством продукции, системы менеджмента качества на основе международных стандартов ИСО серии 9000, организационные вопросы управления качеством продукции и услуг. Учебник предназначен для студентов, обучающихся по направлениям подготовки бакалавриата "Стандартизация и метрология" и "Управление качеством".
|
| 606 |
1 |
|
|a Качество продукции
|x Управление
|2 stltpush
|3 (RuTPU)RU\TPU\subj\14180
|9 40640
|
| 610 |
1 |
|
|a понятия
|
| 610 |
1 |
|
|a классификация
|
| 610 |
1 |
|
|a показатели
|
| 610 |
1 |
|
|a оценка
|
| 610 |
1 |
|
|a квалиметрические методы
|
| 610 |
1 |
|
|a экспертная оценка
|
| 610 |
1 |
|
|a контроль качества
|
| 610 |
1 |
|
|a инструменты
|
| 610 |
1 |
|
|a семь инструментов качества
|
| 610 |
1 |
|
|a услуги
|
| 610 |
1 |
|
|a управление
|
| 610 |
1 |
|
|a статистические методы
|
| 610 |
1 |
|
|a СМК
|
| 610 |
1 |
|
|a системы менеджмента качества
|
| 610 |
1 |
|
|a премии
|
| 610 |
1 |
|
|a учебники
|
| 675 |
|
|
|a 658.562(075.8)
|v 4
|
| 700 |
|
1 |
|a Леонов
|b О. А.
|g Олег Альбертович
|
| 701 |
|
1 |
|a Термасова
|b Г. Н.
|g Галина Николаевна
|
| 701 |
|
1 |
|a Вергазова
|b Ю. Г.
|g Юлия Геннадьевна
|
| 801 |
|
1 |
|a RU
|b 63413507
|c 20180316
|
| 801 |
|
2 |
|a RU
|b 63413507
|c 20191210
|g RCR
|
| 942 |
|
|
|c BK
|
| 959 |
|
|
|a 1/20180221
|d 1
|e 900,00
|f ЧЗТЛ:1
|